Rome, du mythe à l'histoire - 4ème - Statistiques

Statistiques générales
  • Ce quiz a été pris 104 fois
  • Le résultat moyen est 8 sur 10
Statistiques - réponses
Question Réponse % Correct
Quel animal aurait, selon la légende, recueilli les deux frères alors qu'ils étaient enfants, les nourrissant pendant plusieurs semaines. Une louve.
100%
Comment sont nommés les deux frères à l'origine de la fondation de Rome ? Romulus et Remus.
91%
À quel évènement mythologique lointain les romains font-ils remonter leur plus ancien ancêtre ? La guerre de Troie.
86%
Comment appelle t-on l'échelle des postes de gouvernement de plus en plus importants à Rome ? Le cursus honorum.
82%
Où les romains se rassemblent-ils pour débattre et voter ? Sur le forum.
82%
Quel est le nom donné au dieu le plus important de la religion romaine ? Jupiter.
80%
Comment appelle-t-on le temple honorant tous les dieux en même temps ? Le Panthéon.
77%
Quelle forme prend le gouvernement de la cité de Rome à partir du Vème siècle av. J-C ? La république.
65%
D'après les sources archéologiques, depuis quand le site de Rome est-il habité ? Depuis le VIIIème siècle av. J-C.
59%
Quel est le poste le plus important et prestigieux ? Consul.
55%
Aucun quiz correspondant
Distribution des résultats
% des personnes avec chaque résultat
Percentile par nombre de réponses
Votre historique - résultats
Vous n’avez pas pris ce quiz